00449nam a2200145Ia 4500020001800000082001700018100002500035245010200060260003200162300001000194504001900204650003600223650002500259700001900284 a0-948894-06-7 aRR 423 COR-; aCorbeil, Jean-Claude 0aFacts on file visual dictionary: look up the word from the picture find the picture from the word aOxfordbFacts On Filec1988 a795p. aReference book aEnglish language - Dictionaries aPicture dictionaries aManser, Martin